Will Wood - Cicada Days Lyrics - Statistics

General Stats
  • This quiz has been taken 64 times
  • The average score is 232 of 308
Answer Stats
Hint Answer % Correct
_ a
100%
_ I
100%
__ of
100%
___ The
100%
___ the
100%
_____ grass
98%
_______ greener
98%
_____ grows
98%
__ in
98%
__ to
98%
_____ where
98%
___ day
95%
____ more
95%
___ and
93%
___ And
93%
______ cicada
93%
_____ feels
93%
"__ | __ | __, it
93%
____ then
93%
_____ ashes
90%
___ But
90%
____, days
90%
________ inhumane
90%
____ just
90%
____ Just
90%
____ | ____" much
90%
"____ | ____ take
90%
____ than
90%
____ this
90%
___ | ____ you
90%
_________ fertilize
88%
____ know
88%
____ lose
88%
__ my
88%
___ She
88%
__ we
88%
"__ Do
85%
__ do
85%
___ God
85%
___, god
85%
__ if
85%
_____ leave
85%
____ that
85%
____ That
85%
__ up
85%
____ when
85%
___________ butterflies
83%
____ give
83%
________, sparrows
83%
_________ wildfires
83%
___ all
80%
_____ flags
80%
__ on
80%
___ red
80%
____ | ____, said
80%
_____ thing
80%
___ too
80%
_____, white
80%
______ change
78%
______ crying
78%
_____, moths
78%
____ With
78%
____ with
78%
____ your
78%
___'_ ain't
75%
"___'_ | ___'_ Don't
75%
___'_ don't
75%
____ fade
75%
___________ lightheaded
75%
_____ bring
73%
" '_____ Cause
73%
____ fast
73%
___ get
73%
______ gonna
73%
____" love
73%
________ standing
73%
_________ beanstalk
70%
____" care
70%
_____ knows
70%
__ no
70%
__ at
68%
________ peppered
68%
__'__ we're
68%
____ were
68%
____ work
68%
____ from
65%
____ have
65%
___ one
65%
___ One
65%
________ termites
65%
_____ touch
65%
____, yeah
65%
___ end
63%
_'__ I'll
63%
___ Let
63%
___ let
63%
___ our
63%
___ Our
63%
____ week
63%
____ what
63%
_______! whisper
63%
_____ | _____" works
63%
___'_ can't
60%
_________ chemicals
60%
________ deposits
60%
______ doctor
60%
____? done
60%
_____" hurts
60%
______ little
60%
_______ | _______, nothing
60%
______ Purple
60%
_______ shaking
60%
_____ trees
60%
_____ bloom
58%
______ Ghosts
58%
____ make
58%
___ now
58%
____ pack
58%
__________ phosphenes
58%
______ rivers
58%
_______ seasons
58%
__ So
58%
____ warm
58%
_______ ancient
55%
_____ burst
55%
___ out
55%
____ Salt
55%
_____ stuff
55%
______ weight
55%
__ Is
53%
__, Oh
53%
__ oh
53%
____, Okay
53%
_____ words
53%
____. amen
50%
_______ ceiling
50%
____ gave
50%
____ glow
50%
__ me
50%
_______ sponsor
50%
_____ stars
50%
____ damn
48%
____, dark
48%
_____ under
48%
_______ braided
45%
____ only
45%
____, time
45%
____? bones
43%
____ ever
43%
_______ hanging
43%
______ nerves
43%
________'_ tomorrow's
43%
_____ waves
43%
__________ endangered
40%
____, late
40%
____- queen
40%
____, Well
40%
____ bury
38%
______ enough
38%
______ ground
38%
_______ loosing
38%
____ over
38%
____ soft
38%
_____ those
38%
___'_ won't
38%
_____, Christ
35%
___ Did
35%
______, please
35%
-____ sized
35%
_____ build
33%
____ Here
33%
_____ looks
33%
_____ pasts
30%
______ coming
28%
__'__ you're
28%
____, back
25%
_______ dreamed
23%
_'__ I've
23%
____ Keep
23%
_____ worth
23%
No matching quizzes found
Score Distribution
Percent of People with Each Score
Percentile by Number Answered
Your Score History
You have not taken this quiz